LEADER 01318nam1-2200409---450- 001 990003078420203316 005 20080312091611.0 035 $a000307842 035 $aUSA01000307842 035 $a(ALEPH)000307842USA01 035 $a000307842 100 $a20080311d1983----km-y0itay50------ba 101 $aeng 102 $aUS 105 $a||||||||001yy 200 1 $aFrance and England in North America$fFrancis Parkman 210 $aNew York$cLiterary classics of United States$dcopyr. 1983 215 $a2 v.$d21 cm 225 2 $a<> library of America 410 0$12001$a<> library of America 454 1$12001 461 1$1001-------$12001 463 \1$1001990003078460203316$12001 $a<> : Pioners of France in the New World 463 \1$1001990003078580203316$12001 $a<> : Count Frontenac and New France under Louis XIV 606 0 $aLetteratura americana$xSaggi 676 $a814 700 1$aPARKMAN,$bFrancis$0307654 801 0$aIT$bsalbc$gISBD 912 $a990003078420203316 951 $aII.8.COLL.1$bDSLL 959 $aBK 969 $aDSLL 979 $aDSLL$b90$c20080311$lUSA01$h1631 979 $aDSLL$b90$c20080312$lUSA01$h0911 979 $aDSLL$b90$c20080312$lUSA01$h0916 996 $aFrance and England in North America$9496236 997 $aUNISA LEADER 01213nam2-2200385---450 001 990003112750203316 005 20200708115744.0 010 $a88-14-13851-6 035 $a000311275 035 $aUSA01000311275 035 $a(ALEPH)000311275USA01 035 $a000311275 100 $a20080529d2008----km-y0itay50------ba 101 $aita 102 $aIT 105 $a||||||||001yy 200 1 $a<<4.:>> <> tipologie contrattuali$fdiretto da Maria Alessandra Sandulli, Rosanna De Nictolis, Roberto Garofoli 210 $aMilano$cGiuffré$d2008 215 $aP. 2457-3125$d224 cm 461 1$1001000311267$12001$aTrattato sui contratti pubblici 606 0 $aContratti pubblici$2BNCF 676 $a346.45023 702 1$aSANDULLI,$bMaria ALESSANDRA 702 1$aDE NICTOLIS,$bRosanna 702 1$aGAROFOLI,$bRoberto 801 0$aIT$bsalbc$gISBD 912 $a990003112750203316 951 $aXXIV.3.H 82/4 (IG V 1373/4)$b58689 G.$cIG V$d00210950 959 $aBK 969 $aGIU 979 $aCHIARA$b90$c20080529$lUSA01$h1528 979 $aCHIARA$b90$c20080529$lUSA01$h1537 979 $aRSIAV4$b90$c20090612$lUSA01$h1211 996 $aTipologie contrattuali$9808422 997 $aUNISA LEADER 02065nam0 2200469 i 450 001 VAN0126845 005 20230626021619.305 017 70$2N$a9783030180614 100 $a20200217d2019 |0itac50 ba 101 $aeng 102 $aCH 105 $a|||| ||||| 200 1 $aEinstein Equations: Physical and Mathematical Aspects of General Relativity$eDomoschool 2018$fSergio Cacciatori, Batu Güneysu, Stefano Pigola editors 210 $aCham$cBirkhäuser$d2019 215 $axiv, 357 p.$cill.$d24 cm 410 1$1001VAN0124113$12001 $aTutorials, Schools, and Workshops in the Mathematical Sciences$1210 $aCham$cBirkhäuser 500 1$3VAN0236751$aEinstein Equations: Physical and Mathematical Aspects of General Relativity$91732447 606 $a83Cxx$xGeneral relativity [MSC 2020]$3VANC023561$2MF 610 $aBianchi universe$9KW:K 610 $aBlack Hole Stability$9KW:K 610 $aConstraint equations$9KW:K 610 $aEinstein equations$9KW:K 610 $aGeneral Relativity$9KW:K 610 $aGravitational Waves$9KW:K 610 $aGravitational shielding$9KW:K 610 $aLIGO$9KW:K 610 $aMixmaster universe$9KW:K 610 $aPositive Mass Theorem$9KW:K 610 $aVirgo$9KW:K 620 $aCH$dCham$3VANL001889 702 1$aCacciatori$bSergio$3VANV098253 702 1$aGüneysu$bBatu$3VANV095737 702 1$aPigola$bStefano$3VANV098254 712 $aBirkhäuser $3VANV108193$4650 801 $aIT$bSOL$c20230630$gRICA 856 4 $uhttp://doi.org/10.1007/978-3-030-18061-4$zE-book ? Accesso al full-text attraverso riconoscimento IP di Ateneo, proxy e/o Shibboleth 899 $aBIBLIOTECA DEL DIPARTIMENTO DI MATEMATICA E FISICA$1IT-CE0120$2VAN08 912 $fN 912 $aVAN0126845 950 $aBIBLIOTECA DEL DIPARTIMENTO DI MATEMATICA E FISICA$d08CONS e-book 1566 $e08eMF1566 20200217 996 $aEinstein Equations: Physical and Mathematical Aspects of General Relativity$91732447 997 $aUNICAMPANIA